Score 0/24 Timer 06:00
0 Plays Today
% Correct
Elf
98.3%
Spider-Man
94.1%
The Lord of the Rings: The Two Towers
87.4%
The Devil Wears Prada
81.9%
Star Wars: Episode I – The Phantom Menace
78.5%
Night at the Museum: Battle of the Smithsonian
78.5%
Million Dollar Baby
75.6%
Airplane!
75.1%
A Beautiful Mind
71.6%
Suicide Squad
67.7%
The Magnificent Seven
66.1%
Harry Potter and the Chamber of Secrets
65.7%
% Correct
The Perfect Storm
64.9%
Easy A
63.8%
Mars Attacks!
59.1%
Planes,Trains and Automobiles
58%
Stand by Me
56.2%
The Hurt Locker
54.4%
Skyfall
53.6%
Philadelphia
51.9%
The Life Aquatic with Steve Zissou
40.3%
Road to Perdition
38.5%
From Dusk till Dawn
24.4%
A History of Violence
16.7%

You're not logged in!

Compare scores with friends on all Sporcle quizzes.
OR
Log In

Sporcle TV

Today on Sporcle TV


Watch our educational content, quiz creation guides, and fun videos on Sporcle TV.

Show Comments

Extras

Top Quizzes Today


Score Distribution

Your Account Isn't Verified!

In order to create a playlist on Sporcle, you need to verify the email address you used during registration. Go to your Sporcle Settings to finish the process.

Report this User

Report this user for behavior that violates our Community Guidelines.

Details: